Bands' Original Names - Statistics

General Stats
  • This quiz has been taken 33 times
  • The average score is 3 of 15
Answer Stats
Originally: Better Known As... % Correct
Hollywood Rose Guns N' Roses
97%
The Quarrymen The Beatles
58%
The New Yardbirds Led Zeppelin
36%
Earth Black Sabbath
27%
Smile Queen
18%
Mammoth Van Halen
18%
The Pendletones The Beach Boys
9%
Seymour Blur
3%
Sweet Children Green Day
3%
Chain Reaction Aerosmith
0%
Darlin' Daft Punk
0%
Teen King and the Emergencies Eagles
0%
2 Shades Deep Outkast
0%
Tangerine Puppets Ramones
0%
Blues Incorporated The Rolling Stones
0%
No matching quizzes found
Score Distribution
Percent of People with Each Score
Percentile by Number Answered
Your Score History
You have not taken this quiz